000 00305nam a2200109Ia 4500
008 220204s9999 xx 000 0 und d
082 _a541.1:57
_bLAI
100 _aLaidler, Keith J
245 0 _aPhysical chemistry with biological applications
260 _aCalifornia
_bBenjamin/Cumming
_c1978
942 _cBK
999 _c33401
_d33401